Diseño y Propuesta de implementación de una solución de telefonía IP en la Dirección de Postgrado de la Universidad Nacional de Ingeniería
El presente trabajo diseño y propuesta de implementación de una solución de telefonía IP en la Dirección de postgrado de la universidad Nacional de Ingeniería se pretende realizar un estudio que permita determinar una solución apropiada de integración de redes de voz y datos utilizando softw...
| Main Authors: | , , |
|---|---|
| Other Authors: | |
| Format: | Tesis Section = Libro |
| Language: | Undetermined Spanish |
| Published: |
Managua
UNI
2005
|
| Subjects: |
| LEADER | 01419nam a2200277Ia 4500 | ||
|---|---|---|---|
| 008 | 240830s9999 xx 000 0 und d | ||
| 040 | |a BIBLIOTECA-RUSB/ M.Mon 621.385 G216 | ||
| 041 | |a spa | ||
| 082 | |a M.Mon 621.385 G216 | ||
| 100 | 1 | |a Garcia Sotelo, Mauricio Antonio | |
| 100 | 1 | |b Hidalgo, Mario Danilo | |
| 100 | 1 | |c Gómez Flores, Fernando de Jesús | |
| 245 | 1 | 0 | |a Diseño y Propuesta de implementación de una solución de telefonía IP en la Dirección de Postgrado de la Universidad Nacional de Ingeniería |
| 260 | |a Managua |b UNI |c 2005 | ||
| 300 | |a 126 p. :il. | ||
| 500 | |a Contiene: anexos. | ||
| 502 | |a Tesis (Máster en Redes de Computadoras) - UNI, 2005. | ||
| 520 | 3 | |a El presente trabajo diseño y propuesta de implementación de una solución de telefonía IP en la Dirección de postgrado de la universidad Nacional de Ingeniería se pretende realizar un estudio que permita determinar una solución apropiada de integración de redes de voz y datos utilizando software de código abierto, aprovechando la infraestructura de red telefónica y de la red de datos instalada en dicha dependencia organizativa | |
| 650 | 7 | |a TELEFONIA | |
| 650 | 7 | |b SISTEMA DE PROCESAMIENTO DE VOZ | |
| 650 | 7 | |c VOIP/IP (PROTOCOLOGO DE REDES DE COMPUTADORAS) | |
| 650 | 7 | |d TELECOMUNICACIONES. | |
| 700 | 1 | |a Tutor: |b Montejo Sánchez, Samuel | |
| 942 | |c BK |2 ddc | ||
| 991 | |a TESIS | ||
| 999 | |c 27466 | ||